Year | Opponent |
******* 2022 ******* | SF, John Higgins, 17-11 (W) | | 98.3% | ******* 2022 ******* | F, Judd Trump, 18-13 (W) | | 98.3% | ****** 2020 ****** | QF, Mark Williams, 13-10 (W) | | 98% | 1995 | QF, Stephen Hendry, 8-13 (L) | | 98% | 1999 | SF, Stephen Hendry, 13-17 (L) | | 98% | 2002 | SF, Stephen Hendry, 13-17 (L) | | 98% | ** 2004 ** | SF, Stephen Hendry, 17-4 (W) | | 98% | *** 2008 *** | SF, Stephen Hendry, 17-6 (W) | | 98% | ****** 2020 ****** | SF, Mark Selby, 17-16 (W) | | 97.3% | 1996 | QF, John Higgins, 13-12 (W) | | 97.1% | 1998 | SF, John Higgins, 9-17 (L) | | 97.1% | * 2001 * | F, John Higgins, 18-14 (W) | | 97.1% | 2007 | QF, John Higgins, 9-13 (L) | | 97.1% | 2011 | QF, John Higgins, 10-13 (L) | | 97.1% | 2014 | F, Mark Selby, 14-18 (L) | | 95.9% | 2006 | QF, Mark Williams, 13-11 (W) | | 95.3% | *** 2008 *** | 2R, Mark Williams, 13-7 (W) | | 95.3% | 2010 | 2R, Mark Williams, 13-10 (W) | | 95.3% | **** 2012 **** | 2R, Mark Williams, 13-6 (W) | | 95.3% | 2010 | QF, Mark Selby, 11-13 (L) | | 95.1% | 2017 | QF, Ding Junhui, 10-13 (L) | | 94.6% | 2018 | 2R, Ali Carter, 9-13 (L) | | 94.5% | ****** 2020 ****** | 2R, Ding Junhui, 13-10 (W) | | 94.4% | ****** 2020 ****** | F, Kyren Wilson, 18-8 (W) | | 93.5% | 2005 | 2R, Ali Carter, 13-7 (W) | | 92.2% | *** 2008 *** | F, Ali Carter, 18-8 (W) | | 92.2% | **** 2012 **** | F, Ali Carter, 18-11 (W) | | 92.2% | ***** 2013 ***** | 2R, Ali Carter, 13-8 (W) | | 92.2% | 2007 | 1R, Ding Junhui, 10-2 (W) | | 91.6% | 2007 | 2R, Neil Robertson, 13-10 (W) | | 91.6% | **** 2012 **** | QF, Neil Robertson, 13-10 (W) | | 91.6% | ** 2004 ** | F, Graeme Dott, 18-8 (W) | | 91.4% | 2006 | SF, Graeme Dott, 11-17 (L) | | 91.4% | 2023 | QF, Luca Brecel, 10-13 (L) | | 91.4% |
|
Year | Opponent |
1996 | SF, Peter Ebdon, 14-16 (L) | | 91.3% | * 2001 * | QF, Peter Ebdon, 13-6 (W) | | 91.3% | 2005 | QF, Peter Ebdon, 11-13 (L) | | 91.3% | **** 2012 **** | 1R, Peter Ebdon, 10-4 (W) | | 91.3% | 2017 | 2R, Shaun Murphy, 13-7 (W) | | 90.1% | 2015 | QF, Stuart Bingham, 9-13 (L) | | 89.7% | 2014 | QF, Shaun Murphy, 13-3 (W) | | 89.6% | 2011 | 2R, Shaun Murphy, 13-10 (W) | | 89.2% | 2016 | 2R, Barry Hawkins, 12-13 (L) | | 88.9% | 2014 | SF, Barry Hawkins, 17-7 (W) | | 88.9% | ***** 2013 ***** | SF, Judd Trump, 17-11 (W) | | 88.5% | ***** 2013 ***** | F, Barry Hawkins, 18-12 (W) | | 88.5% | 2003 | 1R, Marco Fu, 6-10 (L) | | 87.1% | ******* 2022 ******* | QF, Stephen Maguire, 13-5 (W) | | 86.2% | 2009 | 1R, Stuart Bingham, 10-5 (W) | | 85.8% | ***** 2013 ***** | QF, Stuart Bingham, 13-4 (W) | | 85.8% | 2018 | 1R, Stephen Maguire, 10-7 (W) | | 85.2% | 1998 | QF, Jimmy White, 13-7 (W) | | 84.3% | **** 2012 **** | SF, Matthew Stevens, 17-10 (W) | | 83.5% | 2015 | 2R, Matthew Stevens, 13-5 (W) | | 82.8% | ** 2004 ** | 1R, Stephen Maguire, 10-6 (W) | | 82.4% | 2005 | 1R, Stephen Maguire, 10-9 (W) | | 82.4% | 2017 | 1R, Gary Wilson, 10-7 (W) | | 80.8% | 1994 | 2R, John Parrott, 3-13 (L) | | 80.4% | 1999 | QF, John Parrott, 13-9 (W) | | 80.4% | 1993 | 1R, Alan McManus, 7-10 (L) | | 79.8% | 1998 | 2R, Alan McManus, 13-4 (W) | | 79.8% | 2021 | 2R, Anthony McGill, 12-13 (L) | | 79.7% | 2019 | 1R, James Cahill, 8-10 (L) | | 77.8% | ******* 2022 ******* | 2R, Mark Allen, 13-4 (W) | | 77.6% | 2009 | 2R, Mark Allen, 11-13 (L) | | 76.3% | 2014 | 2R, Joe Perry, 13-11 (W) | | 72% | 1999 | 2R, Joe Perry, 13-8 (W) | | 71% | 2002 | QF, Stephen Lee, 13-10 (W) | | 68.9% |
|
Year | Opponent |
*** 2008 *** | QF, Liang Wenbo, 13-7 (W) | | 68% | 2010 | 1R, Liang Wenbo, 10-7 (W) | | 68% | ****** 2020 ****** | 1R, Thepchaiya Un-Nooh, 10-1 (W) | | 66.7% | 1994 | 1R, Dennis Taylor, 10-6 (W) | | 65.8% | 2023 | 2R, Hossein Vafaei, 13-2 (W) | | 65.5% | ******* 2022 ******* | 1R, David Gilbert, 10-5 (W) | | 62.1% | 1997 | 1R, Mick Price, 10-6 (W) | | 61.9% | 2011 | 1R, Dominic Dale, 10-2 (W) | | 60.5% | 2006 | 2R, Ryan Day, 13-10 (W) | | 60.1% | 1998 | 1R, Joe Swail, 10-5 (W) | | 59.3% | * 2001 * | SF, Joe Swail, 17-11 (W) | | 59.3% | ** 2004 ** | QF, Anthony Hamilton, 13-3 (W) | | 59.2% | 1996 | 2R, Tony Drago, 13-4 (W) | | 56.4% | 1995 | 2R, Darren Morgan, 13-8 (W) | | 56.2% | 1997 | 2R, Darren Morgan, 12-13 (L) | | 56.2% | 2016 | 1R, David Gilbert, 10-7 (W) | | 54.5% | 2000 | 1R, David Gray, 9-10 (L) | | 53.8% | 1996 | 1R, Alain Robidoux, 10-3 (W) | | 53.7% | * 2001 * | 1R, Andy Hicks, 10-2 (W) | | 50.3% | ** 2004 ** | 2R, Andy Hicks, 13-11 (W) | | 50.3% | ***** 2013 ***** | 1R, Marcus Campbell, 10-4 (W) | | 50.3% | 2014 | 1R, Robin Hull, 10-4 (W) | | 49.6% | 1995 | 1R, Dave Harold, 10-3 (W) | | 49.1% | * 2001 * | 2R, Dave Harold, 13-6 (W) | | 49.1% | 2006 | 1R, Dave Harold, 10-4 (W) | | 49.1% | 2023 | 1R, Pang Junxu, 10-7 (W) | | 46.6% | 2002 | 2R, Robert Milkins, 13-2 (W) | | 45.1% | 2021 | 1R, Mark Joyce, 10-4 (W) | | 44.1% | 2015 | 1R, Craig Steadman, 10-3 (W) | | 40.1% | 2002 | 1R, Drew Henry, 10-5 (W) | | 37.7% | *** 2008 *** | 1R, Liu Chuang, 10-5 (W) | | 36.9% | 1999 | 1R, Leo Fernandez, 10-3 (W) | | 33.8% |
|
Comments